| 000 | 00842nam a2200229Ia 4500 | ||
|---|---|---|---|
| 003 | GCL | ||
| 008 | 140319s9999 xx 000 0 ara d | ||
| 040 |
_aGCL / _cGCL |
||
| 082 | 0 | 4 |
_a301.328 _bس ن |
| 100 | 1 | _aسعدالدين ابراهيم | |
| 245 | 1 | 0 |
_aالنظام الاجتماعى العربى الجديد: دراسة عن الاثار الاجتماعية للثورة النفطية / _cسعدالدين ابراهيم |
| 260 |
_a[S.N] : _bدار المستقبل العربى ، _c1982 |
||
| 490 | _a | ||
| 650 | 0 | 4 | _aالسكان الاجانب |
| 650 | 0 | 4 | _aالهجرة |
| 650 | 0 | 4 | _aالاجتماع |
| 650 | 0 | 4 | _aالجوانب الاجتماعية |
| 650 | 0 | 4 | _aالطبقات الاجتماعية |
| 650 | 0 | 4 | _aالهجرة الداخلية |
| 650 | 0 | 4 | _aالجوانب الاقتصادية |
| 942 |
_2ddc _cBK |
||
| 999 |
_c55108 _d55108 |
||